Normal view MARC view

Entry Topical Term

Number of records used in: 1

001 - CONTROL NUMBER

  • control field: 179

003 - CONTROL NUMBER IDENTIFIER

  • control field: PK-NaQUE

005 - DATE AND TIME OF LATEST TRANSACTION

  • control field: 20260601085852.0

008 - FIXED-LENGTH DATA ELEMENTS

  • fixed length control field: 260601|| aca||aabn | a|a d

040 ## - CATALOGING SOURCE

  • Original cataloging agency: PK-NaQUE
  • Transcribing agency: PK-NaQUE

150 ## - HEADING--TOPICAL TERM

  • Topical term or geographic name as entry element: Metal Fabrication

670 ## - SOURCE DATA FOUND

  • Source citation: Work cat.: (PK-NaQUE)6388: Mukherjee, Syamal. 178, Metal Fabrication Technology /, 2010.